000 00522nam a22001697a 4500
005 20251108174918.0
008 250721s2007 xx 000 0 ara d
082 1 4 _a631.8/شيخ
100 1 _aالشيخ، فؤاد عبد العزيز
245 1 0 _aالأسمدة وصحة النبات والحيوان والإنسان /
264 1 _aالقاهرة :
_bدار النشر للجامعات،
_c2007.
300 _a216ص.
650 1 7 _aالاسمدة
650 1 7 _aالصحة
942 _2ddc
_cBK
999 _c121334
_d121334